| 000 | 00608nam a22001817a 4500 | ||
|---|---|---|---|
| 005 | 20231212123725.0 | ||
| 008 | 110803t xxu||||| |||| 00| 0 eng d | ||
| 010 | _aENG-18.10.23 | ||
| 020 |
_a9788183822411 _c250.00 |
||
| 037 | _bLotus | ||
| 082 | _a483 | ||
| 100 |
_929868 _aGupta, Shabnam |
||
| 245 |
_aDictionary of synonyms & antonyms / _cby Shabnam Gupta |
||
| 260 |
_aNew Delhi _bLotus Press _c2022 |
||
| 270 |
_a4263/3, Ansari Road, Darya Ganj _bNew Delhi _e110002 _k32903912,23280047 _mlotus_press@sify.com |
||
| 300 |
_a286p. : _c22cm (pbk) _bill. |
||
| 942 |
_2ddc _cEN _mGUP _h483 |
||
| 999 |
_c199625 _d199625 |
||